| 000 | 00787nam a2200205Ia 4500 | ||
|---|---|---|---|
| 001 | 5311 | ||
| 003 | GE_BSU | ||
| 008 | 181216s||||||||xx |||||||||||||| ||und|| | ||
| 040 | _cGE_BSU | ||
| 080 | _a519.2(075.8) | ||
| 100 | _aГмурман В.Е. | ||
| 245 | _aРуководство к решению задач по теории вероятностей и математической статистике. | ||
| 245 | _bУчеб. пособие для втузов. Изд. 2-Е, доп. | ||
| 260 | _aМосква | ||
| 260 | _bВысш. школа | ||
| 260 | _c1975 | ||
| 300 | _a333 с. 22 см. | ||
| 653 | _aРуководство к решению задач по теории вероятностей и математической статистике. | ||
| 942 | _cBK | ||
| 999 |
_c38896 _d38896 |
||